Teorías de la democracia / (Record no. 157539)

MARC details
000 -LEADER
fixed length control field 00705nam a22002057a 4500
005 - DATE AND TIME OF LATEST TRANSACTION
control field 20210910104434.0
008 - FIXED-LENGTH DATA ELEMENTS--GENERAL INFORMATION
fixed length control field 210910b sp ||||| |||| 00| 0 spa d
020 ## - INTERNATIONAL STANDARD BOOK NUMBER
International Standard Book Number 847658072X
050 04 - LIBRARY OF CONGRESS CALL NUMBER
Classification number JC 431
Item number T46 1988
245 00 - TITLE STATEMENT
Title Teorías de la democracia /
Statement of responsibility, etc José M. González García, Fernando Quesada Castro coord. ; P. Anderson...[et al].
250 ## - EDITION STATEMENT
Edition statement 1a ed.
260 ## - PUBLICATION, DISTRIBUTION, ETC. (IMPRINT)
Place of publication, distribution, etc Barcelona :
Name of publisher, distributor, etc Anthropos,
Date of publication, distribution, etc 1988
300 ## - PHYSICAL DESCRIPTION
Extent 356 p. ;
Dimensions 20 cm.
490 #0 - SERIES STATEMENT
Series statement Pensamiento Critico/Pensamiento Utopico ;
Volume number/sequential designation 33
650 #7 - SUBJECT ADDED ENTRY--TOPICAL TERM
Topical term or geographic name as entry element Democracia
General subdivision Teorias
Source of heading or term LEMB
650 #7 - SUBJECT ADDED ENTRY--TOPICAL TERM
Topical term or geographic name as entry element Filosofia Politica
Source of heading or term LEMB
700 1# - ADDED ENTRY--PERSONAL NAME
Personal name Gonzalez Garcia, Jose M.,
Relator term coord.
700 1# - ADDED ENTRY--PERSONAL NAME
Personal name Quesada Castro, Fernando,
Relator term coord.
942 ## - ADDED ENTRY ELEMENTS (KOHA)
Source of classification or shelving scheme Biblioteca del Cogreso de los Estados Unidos
Koha item type Libro
Holdings
Estado de pérdida Fuente de clasificación Estado del daño No para préstamo Ubicación permanente Ubicación actual Apartado o colección Fecha de adquisición Fuente de adquisición Edición Dependencia de educación superior (DES) Área del conocimiento Total Checkouts Clasificación Código de Barras Date last seen Número de copia Costo por reposición Tipo de recurso
  Biblioteca del Cogreso de los Estados Unidos   Consulta Biblioteca de la Facultad de Filosofía Biblioteca de la Facultad de Filosofía Fondo "Luis Villoro" 10/09/2021 Donación 1a ed. Humanidades Educación y Humanidades   JC431 T46 1988 BFF000035407 10/09/2021 C:1 1.00 Libro